|
|
|
|
| LEADER |
00000nab a2200000 a 4500 |
| 001 |
vtls000518645 |
| 003 |
SK-MaSNL |
| 005 |
20260304023036.0 |
| 008 |
120928c xo 0 slo |
| 015 |
|
|
|a SNBRB19rr/mm-uuuuu
|
| 035 |
|
|
|a CL0518783
|
| 040 |
|
|
|a SNKBUCL
|b slo
|c SNKBUCL
|e AACR2
|
| 041 |
0 |
|
|a slo
|
| 044 |
|
|
|a xo
|c SK
|
| 080 |
|
|
|a 661.12:061.5
|2 1981
|
| 100 |
1 |
|
|a Hilbig, Johannes H.
|4 aut
|9 1030731
|
| 245 |
1 |
0 |
|a Hoechst
|b Hoechst-Biotika spol. s r.o.
|c Johannes H. Hilbig, Blanka Petriščáková
|
| 300 |
|
|
|b Fotogr. 2
|
| 610 |
2 |
7 |
|a Hoechst-Biotika (Martin, Slovensko)
|2 snkbucl
|9 32207
|
| 655 |
|
7 |
|a články z novín a časopisov
|2 snkbucl
|9 267496
|
| 700 |
1 |
|
|a Petriščáková, Blanka
|4 aut
|9 8641
|
| 773 |
0 |
|
|t Slovenské národné noviny
|g Roč. 5 (9), č. 17 (1994), s. 6-7
|x 0862-8823
|
| 850 |
|
|
|a Slovenská národná knižnica v Martine
|a MTA001
|
| 852 |
|
|
|a SNK
|b KIS3GCP
|
| 958 |
|
|
|a RK
|
| 992 |
|
|
|a RBX
|
| 999 |
|
|
|c 2614101
|d 2616031
|